Distritos de Portugal por duas primeiras letras - Statistics

Estatísticas Gerais
  • Esse quiz foi jogado 308 vezes
  • A pontuação média é 12 de 18
Estatísticas das Respostas
Distritos % Correto
Lisboa
93%
Portalegre
93%
Porto
93%
Viana do Castelo
75%
Vila Real
75%
Viseu
75%
Braga
74%
Bragança
74%
Beja
70%
Faro
65%
Aveiro
61%
Coimbra
58%
Leiria
55%
Castelo Branco
54%
Setúbal
52%
Évora
50%
Guarda
48%
Santarém
44%
Nenhum quiz correspondente encontrado
Distribuição das Pontuações
Porcentagem de Pessoas com Cada Pontuação
Percentil de Números Respondidos
Sua Pontuação Histórica
Você não jogou esse quiz